武庫川を跨ぐ鉄道路線 - Statistics

General Stats
  • This quiz has been taken 109 times
  • The average score is 5 of 7
Answer Stats
Answer % Correct
東海道本線
91%
福知山線
78%
神戸本線
74%
本線
72%
山陽新幹線
65%
今津線
55%
三田線
43%
No matching quizzes found
Score Distribution
Percent of People with Each Score
Percentile by Number Answered
Your Score History
You have not taken this quiz